UBT Library

Financial accounting / (Record no. 40157)

000 -LEADER
fixed length control field 00813cam a2200241 i 4500
001 - CONTROL NUMBER
control field 17686278
005 - DATE AND TIME OF LATEST TRANSACTION
control field 20180111094213.0
008 - FIXED-LENGTH DATA ELEMENTS--GENERAL INFORMATION
fixed length control field 130405s2014 nyua 001 0 eng
010 ## - LIBRARY OF CONGRESS CONTROL NUMBER
LC control number 2013013128
020 ## - INTERNATIONAL STANDARD BOOK NUMBER
International Standard Book Number 9780078025549 (alk. paper)
020 ## - INTERNATIONAL STANDARD BOOK NUMBER
International Standard Book Number 0078025540 (alk. paper)
040 ## - CATALOGING SOURCE
Original cataloging agency DLC
Language of cataloging eng
Transcribing agency DLC
Description conventions rda
Modifying agency DLC
041 ## - LANGUAGE CODE
Language code of text/sound track or separate title eng
042 ## - AUTHENTICATION CODE
Authentication code pcc
080 ## - UNIVERSAL DECIMAL CLASSIFICATION NUMBER
Universal Decimal Classification number 657 SPI
082 00 - DEWEY DECIMAL CLASSIFICATION NUMBER
Classification number 657 SPI
Edition number 23
100 1# - Rafti
Rafti 61
101 ## - Shkurtesa
Shkurtesa KF
245 10 - TITLE STATEMENT
Title Financial accounting /
Statement of responsibility, etc J. David Spiceland, University of Memphis, Wayne Thomas, University of Oklahoma, Don Herrmann, Oklahoma State University.
906 ## - LOCAL DATA ELEMENT F, LDF (RLIN)
a 7
b cbc
c orignew
d 1
e ecip
f 20
g y-gencatlg
942 ## - ADDED ENTRY ELEMENTS (KOHA)
Source of classification or shelving scheme
Item type Books
Holdings
Withdrawn status Lost status Source of classification or shelving scheme Damaged status Not for loan Collection code Permanent location Current location Shelving location Date acquired Total Checkouts Full call number Barcode Date last seen Price effective from Koha item type
          Koleksioni i përgjithshem UBT - Lipjan UBT - Lipjan Koleksioni i përgjithshem 01/11/2018   657 SPI 002-2994900 01/11/2018 01/11/2018 Books
UBT Library © 2015-2024. All rights reserved University Education for Business and Technology